|
|
|
|
| LEADER |
00000cam a2200000 7i4500 |
| 001 |
0000002490 |
| 005 |
20030709.0 |
| 090 |
0 |
0 |
|a 382.4149
|b STU 1989
|
| 245 |
0 |
0 |
|a STUDY of the trade and markets for tropical hardwoods in Europe :
|b undertaken for the International Tropical Timber Organization (ITTO) by the ECE/FAO Agriculture and Timber Division, Geneva
|
| 260 |
0 |
0 |
|a Yokohama, Japan; Rome :
|b ITTO; Food and Agriculture Organization of the United Nations ,
|c 1989
|
| 300 |
|
|
|a x, 108 p. :
|b ill. ;
|c 30 cm.
|
| 440 |
0 |
0 |
|a ITTO technical series 3
|
| 650 |
0 |
0 |
|a Lumber trade
|z Europe
|
| 710 |
1 |
1 |
|a Food and Agriculture Organization of the United Nations (FAO)
|
| 710 |
1 |
1 |
|a International Tropical Timber Organization (ITTO)
|
| 998 |
|
|
|a JPSM
|
| 999 |
|
|
|a 0000004007
|b Monograph
|c Open Shelf
|e Default branch
|